000 00254nam a2200109Ia 4500
008 240625s9999 xx 000 0 und d
041 _aeng
082 _a519.5 AND
100 _aANDERSON
245 _aSTATISTICS FOR BUSINESS AND ECONOMICS
260 _c2007
999 _c34990
_d34990